Geographie nach Bild - V - Statistiken

Allgemein
  • Dieses Quiz wurde 5.625 mal gespielt
  • Das Durchschnittsergebnis liegt bei 10 aus 18
Antwortstatistiken
Bildquiz Hint Antwort % Korrekt
Land Venezuela
97%
Land Vereinigtes Königreich
92%
Land Vatikanstadt
88%
Vulkan Vesuv
85%
Land Vietnam
78%
kanadische Stadt Vancouver
77%
Bundesstaat Virginia
75%
spanische Stadt Valencia
71%
Land Vanuatu
67%
See Victoriasee
63%
Palast Versailles
60%
Baukomplex Verbotene Stadt
42%
Region Venetien
38%
Stadt Valletta
24%
Stadt in Nordrhein-Westfalen Velbert
13%
Heilige Stadt Varanasi
12%
Bundesstaat (in rot) Veracruz
12%
Meeresbucht Vestfjord
3%
Keine übereinstimmenden Quizze gefunden
Verteilung der Resultate
Anzahl Personen mit jedem Resultat
Perzentil nach korrekt beantworteten Fragen
Ihre Resultats-Entwicklung
Sie haben dieses Quiz noch nicht gespielt